|
|
|
|
| LEADER |
01070nam a22002537a 4500 |
| 001 |
13373 |
| 003 |
BD-DhAAL |
| 005 |
20141208105535.0 |
| 008 |
141208s2000 bg a|||| |||| 001 0 ben d |
| 020 |
|
|
|a 9840502166
|
| 040 |
|
|
|a BD-DhAAL
|c BD-DhAAL
|
| 082 |
|
|
|2 22
|a 635.9/77
|
| 999 |
|
|
|c 33262
|d 33262
|
| 999 |
|
|
|c 14274
|
| 100 |
|
|
|a শর্মা, দ্বিজেন
|9 6567
|
| 245 |
|
|
|a নিসর্গ, নির্মাণ ও নান্দনিক ভাবনা /
|c দ্বিজেন শর্মা
|
| 260 |
|
|
|a ঢাকা :
|b ইউনিভার্সিটি প্রেস লিমিটেড
|c ২০০০
|
| 300 |
|
|
|a ২৪৮ পৃ. :
|c ২২ সে. মি.
|
| 500 |
|
|
|a নির্ঘন্ঠ অন্তর্ভূক্ত
|
| 541 |
|
|
|e 13373
|
| 650 |
|
|
|a Trees
|z Bangladesh
|9 4228
|
| 852 |
|
|
|a Ayesha Abed Library
|c General Stacks
|
| 942 |
|
|
|2 ddc
|c BK
|
| 952 |
|
|
|0 0
|1 0
|2 ddc
|4 0
|6 635_977000000000000_SHA
|7 0
|9 44413
|a BRACUL
|b BRACUL
|c GEN
|d 2014-12-08
|g 195.00
|l 3
|m 45
|o 635.977 SHA
|p 3010013373
|r 2022-09-18
|s 2019-10-16
|t 1
|w 2014-12-08
|y BK
|